Microfinance : (Record no. 150838)

MARC details
000 -LEADER
fixed length control field 00584nam a22001817a 4500
005 - DATE AND TIME OF LATEST TRANSACTION
control field 20180409103049.0
010 ## - LCCN (DPL NO)
LC control number ENG-122504
020 ## - INTERNATIONAL STANDARD BOOK NUMBER
International Standard Book Number 9789380574868
Terms of availability 2495.00
035 ## - SYSTEM CONTROL NUMBER
System control number EN-106036
037 ## - SOURCE OF ACQUISITION
Source of stock number/acquisition DBAD/PUB
082 ## - DEWEY DECIMAL CLASSIFICATION NUMBER
Classification number 332.0954
100 ## - MAIN ENTRY--PERSONAL NAME
Personal name Gianchandani, Heena
245 ## - TITLE STATEMENT
Title Microfinance :
Statement of responsibility, etc by Heena Gianchandani
Remainder of title a platform for social change /
260 ## - PUBLICATION, DISTRIBUTION, ETC. (IMPRINT)
Place of publication, distribution, etc Delhi
Name of publisher, distributor, etc Bookwell
Date of publication, distribution, etc 2015
270 ## - ADDRESS
Address 3/79, Nirankari Colony,
City Delhi
Postal code 110009
Telephone number 91-11-27601283
Electronic mail address bkwell@nde.vsnl.net.in,
300 ## - PHYSICAL DESCRIPTION
Extent 642p.
Other physical details ill.
Dimensions 24cm(Hb)
942 ## - ADDED ENTRY ELEMENTS (KOHA)
Source of classification or shelving scheme Dewey Decimal Classification
Item type English Books
Call number suffix GIA
Classification part 332.0954
Holdings
Withdrawn status Lost status Not for loan Collection code Home library Current library Date acquired Source of acquisition Cost, normal purchase price Full call number Barcode Copy number Cost, replacement price Koha item type
    Not For Loan Non-fiction D.B.Act.Division Patel Nagar 06/04/2018 DBAD/PUB 2495.00 332.0954 GIA EN-106036 1 2495.00 English Books

© Delhi Public Library
Hit Counter
free hit counter